Dogs of God /

Bibliographic Details
Main Author: Benedict, Pinckney, 1964-
Format: Book
Language:English
Published: New York : Doubleday, [1994]
Subjects:

MARC

Tag First Indicator Second Indicator Subfields
LEADER 00000cam a22000008a 4500
001 in00001164621
005 20151001082343.0
008 930224s1994 nyu 000 1 eng
010 |a  93012565  
020 |a 0385420226 :  |c $21.00 
035 |a (OCoLC)27726231 
035 |9 AGF4733AM 
040 |a DLC  |c DLC  |d VPL  |d SVP  |d OCL  |d TXA  |d UtOrBLW 
049 |a TXAM 
050 0 0 |a PS3552.E5398  |b D6 1994 
082 0 0 |a 813/.54  |2 20 
100 1 |a Benedict, Pinckney,  |d 1964- 
245 1 0 |a Dogs of God /  |c Pinckney Benedict. 
263 |a 9401 
264 1 |a New York :  |b Doubleday,  |c [1994] 
264 4 |c ©1994 
300 |a 354 pages ;  |c 24 cm. 
336 |a text  |b txt  |2 rdacontent 
337 |a unmediated  |b n  |2 rdamedia 
338 |a volume  |b nc  |2 rdacarrier 
500 |a "Nan A. Talese." 
650 0 |a Boxing  |z West Virginia  |x Fiction. 
651 0 |a West Virginia  |v Fiction. 
655 7 |a Adventure fiction.  |2 gsafd 
999 |a MARS 
999 f f |s da49ad96-f01e-32e6-b685-8ed6dd6dd419  |i 7dca03f1-20aa-30c5-96de-5d8df18aaaae  |t 0 
952 f f |p ric  |a Texas A&M University  |b Rellis Campus  |c Joint Library Facility  |d Remote Storage  |t 0  |e PS3552.E5398 D6 1994  |h Library of Congress classification  |i unmediated -- volume  |m A14818153872 
998 f f |a PS3552.E5398 D6 1994  |t 0  |l Remote Storage